01305nam a2200361 a 450000100060000000300080000600500170001400600190003100700150005000800410006502200140010603500230012003500240014303500250016703500210019204000260021305000240023908000080026310000250027124501600029626000410045630000120049753301640050965000170067365000240069065300280071465500270074270000430076970000330081271000190084585600620086499900170092667652FlNmELB20241217142828.0m o d | cr cn|||||||||200810r2007 ag |||||s|||||||||||spa d z1544-5202 a(MiAaPQ)EBC3175099 a(Au-PeEL)EBL3175099 a(CaPaEBR)ebr10189821 a(OCoLC)928750883 aFlNmELBbspacFlNmELB 4aLC5800bS715 2007eb a3781 aSosa Flores, Miguel.10aDidáctica general y educación a distanciah[recurso electronico]cEditado por Miguel Sosa Flores, Flor Angel Hernández Pérez, Arlenis Ochoa Queija. a[Santa Fe] :bEl Cid Editor,c[2007] a3-95 p. aRecurso electrónico. Santa Fe, Arg.: e-libro, 2015. Disponible vía World Wide Web. El acceso puede estar limitado para las bibliotecas afiliadas a e-libro. 4aEducación. 0aDistance education. aEducación a distancia 4aLibros electrónicos.1 aHernández Pérez, Flor Angel,eedi.1 aOchoa Queija, Arlenis,eedi.2 ae-libro, Corp.40uhttps://elibro.net/ereader/politecnicointernacional/98031 c67652d67652